LIBRARY & INFORMATION CENTRE, KCAET, TAVANUR

ONLINE PUBLIC ACCESS CATALOGUE (OPAC)

Solar photovoltaics: fundamentals, technologies and applications (Record no. 13978)

MARC details
000 -LEADER
fixed length control field 00338nam a22001217a 4500
020 ## - INTERNATIONAL STANDARD BOOK NUMBER
ISBN 9788120343863
082 ## - DEWEY DECIMAL CLASSIFICATION NUMBER
Classification number 621.3124
Item number SOL/SO
100 ## - MAIN ENTRY--AUTHOR NAME
Personal name Solanki, Chetan Singh
245 ## - TITLE STATEMENT
Title Solar photovoltaics: fundamentals, technologies and applications
250 ## - EDITION STATEMENT
Edition statement 2nd
260 ## - PUBLICATION, DISTRIBUTION, ETC. (IMPRINT)
Place of publication New Delhi
Name of publisher PHI learning private limited
Year of publication 2012
942 ## - ADDED ENTRY ELEMENTS (KOHA)
Koha item type Books
Holdings
Withdrawn status Lost status Damaged status Collection code Home library Current library Shelving location Date acquired Source of acquisition Cost, normal purchase price Full call number Accession Number Koha item type
      Non-fiction KAUAET KAUAET General Stacks 30/03/2013 Neoti Book Agency 495.00 621.3124 SOL/SO 23913 Books
free website counter